| 000 | 01468nam a22002657i 4500 | ||
|---|---|---|---|
| 999 |
_c22912 _d22912 |
||
| 003 | AR-CdUCM | ||
| 008 | 240522b20222022 pe||||| |||| 00| 0 spa d | ||
| 020 | _a978-612-49021-8-5 | ||
| 040 |
_aMUNICIPALIDAD PROVINCIAL DEL CUSCO _cBIBLIOTECA MUNICIPAL DEL CUSCO |
||
| 082 |
_a984.001 / G15 _bG15 |
||
| 100 |
_aDager Alva, Joseph. _949919 |
||
| 245 |
_aLa visión de los historiadores : _bDesde los orígenes republicanos hasta su proyección actual / |
||
| 260 |
_aLima : _bMinisterio de Cultura del Perú, _bProyecto Especial Bicentenario de la Independencia del Perú, _c2022 |
||
| 300 |
_a248 páginas. : _c21 cm. |
||
| 500 | _zBibliografía: páginas 259 - 281 | ||
| 505 | _aLa confección de una historia nacional en el siglo XIX -- Historia e historiadores -- La independencia como hecho fundacional de la nación -- El pasado reciente de la nación -- El pasado lejano -- Una mirada a la historiografía peruana contemporánea -- La historia que se escribió en la primera mitad del siglo XX -- El escenario del siglo XXI | ||
| 650 |
_aLa confección de una historia nacional en el siglo XIX _949920 |
||
| 650 |
_aLa independencia como hecho fundacional de la nación _949921 |
||
| 650 |
_aUna mirada a la historiografía peruana contemporánea _949922 |
||
| 650 |
_aEl escenario del siglo XXI _949923 |
||
| 700 |
_aLiliana Regalado de Hurtado. _949924 |
||
| 856 | _fwww.bicentenario.gob.pe/biblioteca | ||
| 942 |
_2ddc _cLIBROS |
||
| 945 |
_apbj _d2024-05-22 |
||